Abenteuer Wissenschaft und gekrümmte Linien : Daniel Kehlmanns Roman "Die Vermessung der Welt"; [Rezension]
Gespeichert in:
| Veröffentlicht in: | Kritische Berichte 34(2006), 1, Seite 86-91 |
|---|---|
| VerfasserIn: | |
| Dokumenttyp: | Online-Ressource Aufsatz |
| Sprache: | German |
| Veröffentlicht: |
2006
|
| Schlagwörter: | |
| Online Zugang: | kostenfrei kostenfrei |
| Bibliogr. Hinweis: | In:
Kritische Berichte Rezension von: Die Vermessung der Welt |
| Verantwortlich: | Thilo Habel |
| LEADER | 02484caa a2200493 c 4500 | ||
|---|---|---|---|
| 001 | 1464114560 | ||
| 003 | DE-627 | ||
| 005 | 20260409124836.0 | ||
| 007 | cr cn 008aaaaa | ||
| 008 | 131008s2006 xx |||||oo 00| ||ger c | ||
| 024 | 7 | |a urn:nbn:de:bsz:16-kb-110588 |2 urn | |
| 024 | 7 | |a 10.11588/kb.2006.1.11058 |2 doi | |
| 035 | |a (DE-627)1464114560 | ||
| 035 | |a (DE-576)394114566 | ||
| 035 | |a (DE-599)BSZ394114566 | ||
| 035 | |a (OCoLC)1263312196 | ||
| 040 | |a DE-627 |b ger |c DE-627 |e rakwb | ||
| 041 | |a ger | ||
| 084 | |a 9,10 |2 ssgn | ||
| 100 | 1 | |a Habel, Thilo |d 1962- |0 (DE-588)142952095 |0 (DE-627)640930026 |0 (DE-576)334291240 |4 aut | |
| 245 | 1 | 0 | |a Abenteuer Wissenschaft und gekrümmte Linien |b Daniel Kehlmanns Roman "Die Vermessung der Welt"; [Rezension] |c Thilo Habel |
| 264 | 1 | |c 2006 | |
| 336 | |a Text |b txt |2 rdacontent | ||
| 337 | |a Computermedien |b c |2 rdamedia | ||
| 338 | |a Online-Ressource |b cr |2 rdacarrier | ||
| 533 | |a Online-Ausg. |b Heidelberg |c Univ.-Bibl. |d 2013 |e Online-Ressource |7 |2013|||||||||| | ||
| 583 | 1 | |a Archivierung/Langzeitarchivierung gewährleistet |x XA-DE-BW |2 pdager |5 DE-16 | |
| 655 | 7 | |a Rezension |0 (DE-588)4049712-4 |0 (DE-627)106186019 |0 (DE-576)209083166 |2 gnd-content | |
| 689 | 0 | 0 | |d p |0 (DE-588)118554700 |0 (DE-627)133447324 |0 (DE-576)161518079 |a Humboldt, Alexander von |d 1769-1859 |2 gnd |
| 689 | 0 | 1 | |d p |0 (DE-588)104234644 |0 (DE-627)133847047 |0 (DE-576)161071783 |a Gauß, Carl Friedrich |d 1777-1855 |2 gnd |
| 689 | 0 | |5 (DE-627) | |
| 773 | 0 | 8 | |i In |t Kritische Berichte |d Heidelberg : arthistoricum.net, 1973 |g 34(2006), 1, Seite 86-91 |h Online-Ressource |w (DE-627)751049069 |w (DE-600)2722286-X |w (DE-576)385942125 |x 2197-7410 |7 nnas |
| 773 | 1 | 8 | |g volume:34 |g year:2006 |g number:1 |g pages:86-91 |
| 787 | 0 | 8 | |i Rezension von |a Kehlmann, Daniel, 1975 - |t Die Vermessung der Welt |d Reinbek bei Hamburg : Rowohlt, 2005 |h 301 S. |w (DE-627)493348344 |w (DE-576)118171747 |z 3498035282 |
| 856 | 4 | 0 | |u http://nbn-resolving.de/urn:nbn:de:bsz:16-kb-110588 |x Verlag |x Resolving-System |z kostenfrei |3 Volltext |7 0 |
| 856 | 4 | 0 | |u http://dx.doi.org/10.11588/kb.2006.1.11058 |x Verlag |x Resolving-System |z kostenfrei |3 Volltext |7 0 |
| 935 | |h SWB |i ld | ||
| 951 | |a AR | ||
| 994 | |u https://ahnp.ub.uni-heidelberg.de/journals/kb/article/view/11058 | ||
| 994 | |u https://ahnp.ub.uni-heidelberg.de/journals/kb/article/view/11058/4916 | ||
| 990 | |a Humboldt, Alexander von | ||
| 990 | |a Gauß, Carl Friedrich | ||
| 991 | |a Rezension (Monographie, Zeitschrift, Aufsatz) | ||
| 999 | |a KXP-PPN1464114560 |e 4020459894 | ||


